000 01032nam0a22002171 4500
001 rc\2299465
005 20250622231704.0
035 _a(NLR Aleph) 006467672
090 _a5902163
_c5902163
100 _a20110829d1977 |||y0rusy50 ca
101 0 _arus
102 _aRU
105 _ay z |||||
200 1 _aЕдиные ведомственные нормативы численности персонала, занятого эксплуатацией автоматических телефонных станций, и нормы обслуживания для линейного персонала в цехах (на участках) связи предприятий
_eУтв. 25/IX 1976 г.
_fУпр. организации труда и заработной платы М-ва. Центр. нормат.-исслед. станция
210 _a[Москва]
_cБ. и.
_d1977
215 _a28 с.
_d22
801 0 _aRU
_bNLR
_gpsbo
801 1 _aRU
_bELAR
_2rusmarc
852 _aNLR
_j77-6/7743
942 _cBOOK
980 _aNB